Oral Surgery Oral Medicine Oral Pathology Oral Padio. (Record no. 30376)

MARC details
000 -LEADER
fixed length control field 00226nam a22000977a 4500
003 - CONTROL NUMBER IDENTIFIER
control field SGT
245 ## - TITLE STATEMENT
Title Oral Surgery Oral Medicine Oral Pathology Oral Padio.
260 ## - PUBLICATION, DISTRIBUTION, ETC. (IMPRINT)
Name of publisher, distributor, etc Elsevier Publisher
Year of Publication 2021
300 ## - PAGE DESCRIPTION
No. of Pages 753
942 ## - ADDED ENTRY ELEMENTS (KOHA)
Source of classification or shelving scheme Dewey Decimal Classification
Koha item type Back Volumes
Holdings
Withdrawn status Lost status Source of classification or shelving scheme Damaged status Use restrictions Not for loan Home library Current library Date acquired Volume Information (Serial or Books or Non-Book Material) SGTU Total Checkouts Accession No. (Barcode) Date last seen Bill Date Koha item type
    Dewey Decimal Classification   Restricted Access Not For Loan SGT Dental Library SGT Dental Library 21/03/2025 Vol.132 SGTU   PD1318 21/03/2025 21/03/2025 Back Volumes